000 00425nmm a2200145Ia 4500
008 251105s9999||||xx |||||||||||||||||und||
041 _aspa
100 _aFarías Becerra, Rafael Ignacio
245 0 _aPolis de furor
264 _a[Santiago de Chile, Chile] :
_bRil editores,
_c2024
300 _a93 páginas
650 _aLatin American poetry
856 _uhttps://public.digitaliapublishing.com/a/172308
942 _cCF
999 _c106922
_d106922